01563nam a22002775i 45000010009000000050017000090080041000260100017000670200031000840200026001150200027001410350013001680400023001810420008002040820010002122450047002222500008002692630009002772640044002863360026003303370028003563380027003845200743004117100046011548560085012002208095820260606143651.0210615s2021 cau 000 0 eng  a 2021941121 a9789391138677q(paperback) z9789391138684q(epub) z9789391138738q(ebook) a22080958 aDLCbengerdacDLC apcc a650.100aSoft skills for workplace success /cSAGE. aNa. a2107 1aThusand Oaks :bSAGE Publishing,c2021. atextbtxt2rdacontent aunmediatedbn2rdamedia avolumebnc2rdacarrier a"From the ninjas of corporate world comes a curated recipe book on how to be happy and content in our professional lives. Soft skills for Workplace helps us in dodging the derailers such as ego and stress that can negatively impact our behaviour, and replacing them instead with humour and emotional intelligence as tools to find joy at the workplace. SAGE Back to Basics is a distilled compilation of proven and timeless ideas and best practices for new-age and experienced leaders alike. The hand-picked collection of books-on management, leadership, entrepreneurship, branding and CSR-offer advice from management experts whose knowledge and research has impacted and shaped business and management education"--cProvided by publisher.2 aSAGE (Thousand Oaks, California),eother. uhttps://sk.sagepub.com/books/soft-skills-for-workplace-successyRead SAGE E-Book